IFM Opac

Replacement investment (Record no. 18546)

MARC details
000 -LEADER
fixed length control field 00263nam a22001097a 4500
020 ## - INTERNATIONAL STANDARD BOOK NUMBER
International Standard Book Number 0716101165
100 ## - MAIN ENTRY--PERSONAL NAME
Personal name Connor.J
245 ## - TITLE STATEMENT
Title Replacement investment
260 ## - PUBLICATION, DISTRIBUTION, ETC.
Place of publication, distribution, etc. Britain
Name of publisher, distributor, etc. Gower press limited
Date of publication, distribution, etc. 1972
300 ## - PHYSICAL DESCRIPTION
Extent xi,83p
Other physical details ill;tables,graphs,25cm
942 ## - ADDED ENTRY ELEMENTS (KOHA)
Koha item type Books
Holdings
Withdrawn status Lost status Source of classification or shelving scheme Damaged status Not for loan Collection code Home library Current library Shelving location Date acquired Full call number Barcode Date last seen Price effective from Koha item type
    Dewey Decimal Classification     Non-fiction IFM Main Campus Library IFM Main Campus Library   08/16/2017 658.15242 000001635 08/16/2017 08/16/2017 Books